000 00627nam a2200229Ia 4500
003 OSt
005 20221002050615.0
006 a|||||r|||| 00| 0
007 ta
008 220930b |||||||| |||| 00| 0 eng d
024 _a16372
037 _cReference Collections
040 _aCRL
_cCRL
_beng
041 _2eng
_aeng
082 _an3,N90, N1 (RR)
245 0 _aContemporary Britain
_b An annual review 1991
260 _aLondon
_bBasil Blackwell
_c1991
300 _axviii, 493p.
_ccm.
650 _aGENERALIA
942 _hn3,N90, N1 (RR)
_cref
_2CC
999 _c914994
_d914994